Microantología : análisis de problemas contemporáneos y otros ensayos /

Gespeichert in:
Bibliographische Detailangaben
1. Verfasser: Portes Gil, Emilio (autor)
Format: Buch
Sprache:Spanisch
Veröffentlicht: México : Biblioteca Insular de Barataria, 1970, c1970
Tags: Tag hinzufügen
Keine Tags, Fügen Sie das erste Tag hinzu!

MARC

LEADER 00000nam^a2200000^a^4500
001 000424143
005 20250526000000.0
009 20260310122644.934
037 |a Acervo ITESO - Biblioteca 
041 |a ESP 
091 |a FHM. 01634 
100 |a Portes Gil, Emilio  |e (autor) 
245 1 0 |a Microantología :  |b análisis de problemas contemporáneos y otros ensayos / 
264 4 |a México :  |b Biblioteca Insular de Barataria,  |c 1970, c1970 
300 |a 169 p. ;  |c 20.5 cm. 
336 |a texto  |b txt  |2 rdacontenido 
337 |a sin mediación  |b n  |2 rdamedio 
338 |a volumen  |b nc  |2 rdasoporte 
649 |a XX 
910 |a Fondo Hugo B. Margáin 
920 |a Impresos - Libros 
930 |a Libros Antiguos y Raros 
905 |a 126 
901 |a 0500313396  |b IT2  |c LRA  |i D116791  |u 20250526 
902 |a https://opac.biblio.iteso.mx/vufind/Record/000424143